| 000 | 00881cam a22001814a 4500 | ||
|---|---|---|---|
| 005 | 20250605164347.0 | ||
| 008 | 250528s ||||||||||||||||||||||||d | ||
| 035 | _a23956 | ||
| 040 |
_aGR-AtMCL _bgre _dGR-AtMCL _eAACR2 |
||
| 245 | 1 | _aAlways Forward / Digitalwise | |
| 260 | _c2019 | ||
| 520 | _aΗ Αλλαγή και η Εξέλιξη είναι Συνυφασμένες με τη Φιλοσοφία μας, Με Φετινή Πρωταγωνίστρια την Κοινωνία, Τα Premium Labels στο Επίκεντρο του Brand Portfolio, Η Διαφήμιση έχει Παραγίνει Σοβαρή, Γενιά σε Κρίση, Να Είστε Γεναιόδωροι και θα Ανταμειφθείτε. | ||
| 700 | 1 |
_aΜπούσιας Μιχάλης Κ _99357 |
|
| 942 | _cCR | ||
| 710 | 2 |
_aThe Marketing Week _99825 |
|
| 999 |
_c8867 _d8867 |
||